Entry Personal Name
Number of records used in: 1
001 - CONTROL NUMBER
003 - CONTROL NUMBER IDENTIFIER
005 - DATE AND TIME OF LATEST TRANSACTION
- control field:
20210720122922.0
008 - FIXED-LENGTH DATA ELEMENTS
- fixed length control field:
850814n| azannaabn |a aaa
010 ## - LIBRARY OF CONGRESS CONTROL NUMBER
- LC control number:
n 85198469
035 ## - SYSTEM CONTROL NUMBER
- System control number:
(OCoLC)oca01406554
040 ## - CATALOGING SOURCE
- Original cataloging agency:
DLC
- Language of cataloging:
eng
- Description conventions:
rda
- Transcribing agency:
DLC
- Modifying agency:
DLC
- Modifying agency:
NmU
- Modifying agency:
Uk
- Modifying agency:
NcU
- Modifying agency:
ScU
046 ## - SPECIAL CODED DATES
- Birth date:
1944-07-27
- Source of date scheme:
edtf
100 1# - HEADING--PERSONAL NAME
- Personal name:
Wilson, John H.,
- Dates associated with a name:
1944-
370 ## - ASSOCIATED PLACE
- Associated country:
Houston (Tex.)
- Source of term:
naf
371 ## - ADDRESS
- Electronic mail address:
jwilson@bcm.edu
372 ## - FIELD OF ACTIVITY
- Field of activity:
Genomes
- Field of activity:
Biochemistry
- Source of term:
lcsh
373 ## - ASSOCIATED GROUP
- Associated group:
Baylor College of Medicine
- Source of term:
naf
373 ## - ASSOCIATED GROUP
- Associated group:
Stanford University
- Source of term:
naf
373 ## - ASSOCIATED GROUP
- Associated group:
California Institute Of Technology
- Source of term:
naf
373 ## - ASSOCIATED GROUP
- Associated group:
Wabash College
- Source of term:
naf
375 ## - GENDER
377 ## - ASSOCIATED LANGUAGE
400 1# - SEE FROM TRACING--PERSONAL NAME
- Personal name:
Wilson, John,
- Dates associated with a name:
1944-
670 ## - SOURCE DATA FOUND
- Source citation:
Genetic recombination, c1985:
- Information found:
t.p. (John H. Wilson, Dept. of Biochemistry, Baylor Coll. of Medicine)
670 ## - SOURCE DATA FOUND
- Source citation:
LC data base, 8/2/85
- Information found:
(hdg.: Wilson, John H., 1944- )
670 ## - SOURCE DATA FOUND
- Source citation:
His Molecular biology of the cell, c1994:
- Information found:
CIP t.p. (John Wilson) verso (Ph.D., Calif. Inst. of Tech., 1971; prof., Biochem. and Molecular Genetics, Baylor Coll. of Med., Houston)
670 ## - SOURCE DATA FOUND
- Source citation:
BL AL recd. 9 Dec. 1992
- Information found:
(John Howard Wilson, born 27 July 1944)
670 ## - SOURCE DATA FOUND
- Source citation:
Genome editing, 2016:
- Information found:
page xiii (John H. Wilson, Ph.D. Verna and Marrs McLean Biochemistry and Molecular Biology, Baylor College of Medicine, Houston, TX) page 139 (jwilson@bcm.edu)
670 ## - SOURCE DATA FOUND
- Source citation:
Baylor College of Medicine web site, June 15, 2016:
- Information found:
(John H Wilson, Ph.D., Distinguished Service Professor, Biochemistry-Wilson Lab, Baylor College of Medicine, Houston, TX ; Education: AB from Wabash College; PhD from California Institute Of Technology; Advanced Training from Stanford University ; jwilson@bcm.edu)
- Uniform Resource Identifier:
https://www.bcm.edu/people/view/john-wilson-ph-d/b190cd74-ffed-11e2-be68-080027880ca6